An Illustrated History of Britain

Podrobná bibliografia
Hlavný autor: Mac Dowall, David (Autor)
Médium: Kniha
Jazyk:angličtina
Fyzický popis:187, [1] s. 26 cm
Vydavateľské údaje: Essex Longman 1991
ISBN:058274914X
Vydanie:Repr.

MARC

LEADER 00000cam a2200000 a 4500
001 vtls001128539
003 SK-MaSNL
005 20260302064421.0
008 250414s1991 xxk r 00000 eng
020 |a 058274914X 
035 |a SNK000071389 
040 |a SNK  |b slo  |c SNK  |e AACR2 
041 0 |a eng 
044 |a xxk  |c GB 
080 |a 941.0(084.12)  |2 1981 
100 1 |a Mac Dowall, David  |4 aut  |9 726504 
245 1 0 |a An Illustrated History of Britain  |c David Mac Dowall 
250 |a Repr. 
260 |a Essex  |b Longman  |c 1991 
300 |a 187, [1] s.  |c 26 cm 
852 |a Slovenská národná knižnica 
919 |a 0-582-74914-X 
954 |a Veľká Británia 
999 |c 1137539  |d 1139469 
952 |a SNK  |b SNK  |y VYP  |7 0  |p 17A0101387  |o snkIB 66021  |i snkZK 2494/91  |8 4  |3 Popísaná kniha   |0 0  |1 0  |4 0  |d 1997-10-07  |l 0  |r 2005-01-01 00:00:00  |w 2026-02-24